La Europa suicida 1870-1933
Պահպանված է:
| Հիմնական հեղինակ: | |
|---|---|
| Ձևաչափ: | Գիրք |
| Լեզու: | իսպաներեն |
| Հրապարակվել է: |
Barcelona
Muchnik
1986
|
| Հրատարակություն: | 2a. ed |
| Շարք: | Historia del antisemitismo, 4
|
| Խորագրեր: | |
| Ցուցիչներ: |
Ավելացրեք ցուցիչ
Չկան պիտակներ, Եղեք առաջինը, ով նշում է այս գրառումը!
|
MARC
| LEADER | 00000nam a2200000 a 4500 | ||
|---|---|---|---|
| 001 | UCW9496 | ||
| 003 | CL-VaPUC | ||
| 008 | 890502e19860000SP |||||||||||||||||spa|d | ||
| 082 | 0 | 4 | |a 909.04924 |b POL |2 21 |
| 100 | 0 | |a Poliakov, León |e author |9 314776 | |
| 245 | 1 | 3 | |a La Europa suicida 1870-1933 |
| 250 | |a 2a. ed | ||
| 300 | |a 462 p | ||
| 942 | |c BK | ||
| 945 | |d 19890502 00:00:00 | ||
| 260 | |a Barcelona |b Muchnik |c 1986 | ||
| 650 | 7 | |a PERSECUCIONES DE LOS JUDIOS |2 CL-VaPUC |9 314777 | |
| 650 | 7 | |a JUDAISMO HISTORIA |2 CL-VaPUC |9 314778 | |
| 651 | 0 | |a Europa |9 255156 | |
| 583 | |a last modification |c 19890502 00:00:00 |k Rodrigo Vera | ||
| 490 | 0 | |a Historia del antisemitismo, 4 | |
| 999 | |c 221453 |d 221451 | ||
| 952 | |0 0 |1 0 |4 0 |6 909_049240000000000_POL_1986 |7 0 |8 A |9 214792 |a BIBHIS |b BIBHIS |d 2019-11-15 |i 2833522 |o 909.04924 POL 1986 |p 2833522 |r 2025-01-20 |w 2019-11-15 |y BK |k HIS | ||